Neta, Babu & Subsidy/ (Record no. 189753)

MARC details
000 -LEADER
fixed length control field 00556nam a2200181 4500
005 - DATE AND TIME OF LATEST TRANSACTION
control field 20220712123021.0
010 ## - LCCN (DPL NO)
LC control number ENG-133477
020 ## - INTERNATIONAL STANDARD BOOK NUMBER
International Standard Book Number 9789382711377
Terms of availability 390.00
035 ## - SYSTEM CONTROL NUMBER
System control number EN-117009
037 ## - SOURCE OF ACQUISITION
Source of stock number/acquisition DBAD/PUB
082 ## - DEWEY DECIMAL CLASSIFICATION NUMBER
Classification number 338.954
100 ## - MAIN ENTRY--PERSONAL NAME
Personal name Sen, Sandip
245 ## - TITLE STATEMENT
Title Neta, Babu & Subsidy/
Statement of responsibility, etc Sandip Sen
260 ## - PUBLICATION, DISTRIBUTION, ETC. (IMPRINT)
Place of publication, distribution, etc New Delhi
Name of publisher, distributor, etc Vitasta Publishing Pvt. Ltd
Date of publication, distribution, etc 2014
270 ## - ADDRESS
Address 2/15, Ansari Road, Daryaganj
City New Delhi
Postal code 110002
Electronic mail address info@vitastapublishing.com
300 ## - PHYSICAL DESCRIPTION
Extent 232p.
Other physical details Index
Dimensions 22cm(pbk)
942 ## - ADDED ENTRY ELEMENTS (KOHA)
Source of classification or shelving scheme Dewey Decimal Classification
Item type English Books
Classification part 338.954
Call number suffix SEN
Holdings
Withdrawn status Lost status Not for loan Collection code Home library Current library Date acquired Source of acquisition Cost, normal purchase price Full call number Barcode Copy number Cost, replacement price Koha item type
      Non-fiction Sarojini Nagar Sarojini Nagar 12/07/2022 DBAD/PUB 390.00 338.954 SEN EN-117009 1 390.00 English Books

© Delhi Public Library
Hit Counter
free hit counter